000 00930nam a22002057a 4500
003 OSt
005 20160620105944.0
008 150409b2012 slv spa
040 _cBMC
082 _a658.04
100 1 _934246
_aLinares Orellana, Edith Maritza
245 1 0 _aPasantía de asistente al departamento administrativo de la Alcaldía Municipal de El Congo
_cEdith Maritza Linares Orellana
260 _aSanta Ana (El Salvador)
_bUniversidad Católica de El Salvador
_c2012
300 _a1 v. (pág. var.)
_bil. col.
_c28 cm
_e+ 1 disco compacto
500 _aPrecede al tít.: Universidad Católica de El Salvador, Facultad de Ciencias Empresariales
502 _aTrabajo de graduación para optar al grado académico de Licenciada en Administración de Empresas
650 2 4 _93341
_aGestión de empresas
710 2 _91067
_aUniversidad Católica de El Salvador
_bFacultad de Ciencias Empresariales
942 _2ddc
_cTG
999 _c20817
_d20817